000 00741nam a2200205Ia 4500
003 OSt
005 20241104151830.0
007 ca aa aaaaa
008 201103s9999 xx 000 0 und d
040 _cSSBUL
041 _abur
082 _223
_a၂၉၄.၃၄၄၃၅ ပ
_b၉၀၉၉ S-SAT
100 0 _aပညာသာမိ၊ အရှင်။
_917289
245 1 0 _aအရိယသစ္စဒဿန /
_cအရှင်ပညာသာမိ။
260 _aရန်ကုန် ၊
_bရွှေပင့်ကူစာပေ၊
_c၁၉၉၃။
300 _a၁၆၀ စာမျက်နှာ ၊
_c၁၈ စင်တီ။
500 _aS-SAT: Dr. Sai Aung Tun
650 _aဝိပဿနာ
942 _2ddc
_cBK1
999 _c16659
_d16659